| 000 | 00777nam0a22002531 4500 | ||
|---|---|---|---|
| 001 | v19\rc\1415701 | ||
| 005 | 20250618105850.0 | ||
| 035 | _a(NLR Aleph) 004543456 | ||
| 090 |
_a2039581 _c2039581 |
||
| 100 | _a20060512d1881 |||y0rusy50 ca | ||
| 101 | 0 |
_arus _ager |
|
| 102 | _aRU | ||
| 105 | _ay z ||||| | ||
| 200 | 1 |
_aКраткий синтаксис немецкого языка _fСост. Г.Э. Науман |
|
| 210 |
_aВильна _cтип. А.Г. Сыркина _d1881 |
||
| 215 |
_a42 с. _d16 |
||
| 700 | 1 |
_aНауман _bГ.Э. _gГотфрид Эрнестович _4220 |
|
| 801 | 0 |
_aRU _bNLR _gpsbo |
|
| 801 | 0 |
_aRU _bRuMoRGB _2psbo |
|
| 801 | 1 |
_aRU _bProSoft-M _2rusmarc |
|
| 852 |
_aNLR _j18.132.6.400 |
||
| 899 |
_aRuMoRGB _jN 18/253 |
||
| 942 | _cBOOK | ||
| 980 | _aNB | ||